00281nam a2200121Ia 45000030006000000080041000060400015000471000017000622450031000792600020001105460012001300050017001420STCL150530s9999 xx 000 0 und d aSTCLcSTCL aThomas Hardy aFar from the madding crowd bMacmillanc1957 aEnglish20220125171100.0